Deutsch in Gastronomie, Hotelwesen und Tourismus /

Hlavní autor: Jirásková, Zdenka, 1957-
Jazyk: Němčina
Čeština
Vydáno: Opava : Slezská univerzita v Opavě, Filozoficko-přírodovědecká fakulta, Ústav lázeňství, gastronomie a turismu, 2012
Vydání: Vyd. 1.
Témata:
Fyzický popis: 97 s. ; 30 cm
Language note: Část. český text
Knihy
Uloženo v:
LEADER 02069nam a2200589 a 4500
001 nkc20122368967
003 CZ PrNK
005 20120607075331.0
007 ta
008 120528s2012 xr e p 000 0 ger
015 |a cnb002368967 
020 |a 978-80-7248-717-2  |q (brož.) 
035 |a (OCoLC)798995515 
040 |a BOA001  |b cze 
041 0 |a ger  |a cze 
072 7 |a 811.112.2  |x Němčina  |2 Konspekt  |9 11 
072 7 |a 37.016  |x Učební osnovy. Vyučovací předměty. Učebnice  |2 Konspekt  |9 22 
080 |a 811.112.2  |2 MRF 
080 |a 641/642  |2 MRF 
080 |a 640.4  |2 MRF 
080 |a 338.48  |2 MRF 
080 |a 81'373.46  |2 MRF 
080 |a 81'42'373.46  |2 MRF 
080 |a (075.8)  |2 MRF 
100 1 |a Jirásková, Zdenka,  |d 1957-  |7 mzk2012700126  |4 aut 
245 1 0 |a Deutsch in Gastronomie, Hotelwesen und Tourismus /  |c Zdenka Jirásková 
250 |a Vyd. 1. 
260 |a Opava :  |b Slezská univerzita v Opavě, Filozoficko-přírodovědecká fakulta, Ústav lázeňství, gastronomie a turismu,  |c 2012 
300 |a 97 s. ;  |c 30 cm 
500 |a 100 výt. 
504 |a Obsahuje bibliografii 
521 8 |a Určeno studentům bakalářského oboru Lázeňství a turismus 
546 |a Část. český text 
650 0 7 |a němčina  |7 ph115512  |2 czenas 
650 0 7 |a gastronomie  |7 ph120473  |2 czenas 
650 0 7 |a hotelnictví  |7 ph120832  |2 czenas 
650 0 7 |a cestovní ruch  |7 ph119113  |2 czenas 
650 0 7 |a oborová terminologie  |7 ph138998  |2 czenas 
650 0 7 |a odborné texty  |7 ph123679  |2 czenas 
650 0 9 |a German language  |2 eczenas 
650 0 9 |a gastronomy  |2 eczenas 
650 0 9 |a hotel-keeping  |2 eczenas 
650 0 9 |a tourism  |2 eczenas 
650 0 9 |a terminology (professional)  |2 eczenas 
650 0 9 |a professional texts  |2 eczenas 
655 7 |a učebnice vysokých škol  |7 fd133772  |2 czenas 
655 9 |a textbooks (higher)  |2 eczenas 
910 2 |a BOA001  |b 4-1285.945 
990 |a BK 
995 |a 01 
991 |b 201206  |c NOV  |e n 
996 6 |b 2610511225  |c 4-1285.945  |l MZK  |r Sklad / do 1 hodiny  |n 8  |p p.v.  |w 001249614  |u 000010  |a 1  |e BOA001  |j MZK50  |s P